| 000 | 00585cam a22001577a 4500 | ||
|---|---|---|---|
| 008 | 180718b1993 xxu||||| |||| 00| 0 eng d | ||
| 082 | _aQ39 In2/St44 | ||
| 100 | _aIndia Disaster Management Training Country Workshop (1993 12-16 July :IIPA: New Delhi) | ||
| 245 | _aDisaster and development | ||
| 260 |
_aNew Delhi _bIndian Institute Of Public Administration _c1993 |
||
| 300 | _a103p. | ||
| 650 | _aDisasters | ||
| 700 | _aStevenson,R.S | ||
| 700 | _aAsian Disaster Preparedness Centre, Bangkok | ||
| 700 | _aDepartment of Agriculture and Cooperation, Ministry of Agriculture, India | ||
| 999 |
_c477090 _d477090 |
||